| 000 | 01057nam a22002897a 4500 | ||
|---|---|---|---|
| 005 | 20180309111322.0 | ||
| 010 | _aENG-108821 | ||
| 020 |
_c700.00 _a9789380164519 |
||
| 020 | _c1100.00 | ||
| 035 | _aEN-92354 | ||
| 035 | _aB-504788 | ||
| 035 | _aB-536780-783 | ||
| 035 | _aB-667713 | ||
| 037 | _bDBAD/PUB | ||
| 037 |
_bK.K.Pub/Ven _adpl |
||
| 037 |
_bKKP/Ven _adpl |
||
| 082 | _a954.05092 | ||
| 100 | _aKhellen Singh Th. | ||
| 245 |
_aMr. Troubleshooter : _cby Khellen Singh Th. _bthe 13th president Pranab Mukherjee / |
||
| 260 |
_aDelhi _bA.K. Publications _c2013 |
||
| 270 |
_aB-61/E-1, Gali No. 14, Jagatpuri Ext. Shahadra _bDelhi _e110093 |
||
| 300 |
_a348p. _c22cm(Hb) |
||
| 942 |
_2ddc _cEN _mKHE _h954.05092 |
||
| 999 |
_c81158 _d81158 |
||